| 000 | nam a22 7a 4500 | ||
|---|---|---|---|
| 999 |
_c129521 _d129521 |
||
| 008 | 190430b xxu||||| |||| 00| 0 eng d | ||
| 050 | _aBV215.K6 | ||
| 100 |
_aKnox, Ronald _946130 |
||
| 245 |
_aBread or stone _c/ by Ronald Knox |
||
| 260 |
_aLondon: _bSociety of SS. Peter and Paul, |
||
| 300 |
_a55p. ; _c18cm. |
||
| 650 |
_aPrayer _946131 |
||
| 942 |
_2lcc _cMONOGRAPH |
||